|
|
|
|
| LEADER |
01553cas a2200241 a 4500 |
| 001 |
AALejournalIMF006607 |
| 008 |
230101c9999 xx r poo 0 0eng d |
| 020 |
|
|
|c 5.00 USD
|
| 020 |
|
|
|z 9781455202898
|
| 022 |
|
|
|a 1934-7685
|
| 040 |
|
|
|a BD-DhAAL
|c BD-DhAAL
|
| 110 |
2 |
|
|a International Monetary Fund.
|
| 245 |
1 |
0 |
|a Samoa :
|b Selected Issues.
|
| 264 |
|
1 |
|a Washington, D.C. :
|b International Monetary Fund,
|c 2010.
|
| 300 |
|
|
|a 1 online resource (19 pages)
|
| 490 |
1 |
|
|a IMF Staff Country Reports
|
| 500 |
|
|
|a <strong>Off-Campus Access:</strong> No User ID or Password Required
|
| 500 |
|
|
|a <strong>On-Campus Access:</strong> No User ID or Password Required
|
| 506 |
|
|
|a Electronic access restricted to authorized BRAC University faculty, staff and students
|
| 520 |
3 |
|
|a The impact of the 2009 tsunami on tourism and on the Samoan economy is likely to be substantial. The effectiveness of monetary transmission in Samoa has improved over time; however, it is still below international standards. The adverse impact of the crisis on the functioning of the banking system may be alleviated by an improvement in the financial infrastructure. State-owned enterprises (SOE) continue to play an important role in Samoa, and the key to successful SOE reform in Samoa will be placing them on a fully commercial footing.
|
| 538 |
|
|
|a Mode of access: Internet
|
| 830 |
|
0 |
|a IMF Staff Country Reports; Country Report ;
|v No. 2010/215
|
| 856 |
4 |
0 |
|z Full text available on IMF
|u http://elibrary.imf.org/view/journals/002/2010/215/002.2010.issue-215-en.xml
|z IMF e-Library
|